| 000 | 00413nam a22001697a 4500 | ||
|---|---|---|---|
| 003 | CEME | ||
| 005 | 20210628204110.0 | ||
| 008 | 210111b xxu||||| |||| 00| 0 eng d | ||
| 020 | _a9781608070763 | ||
| 040 | _cceme | ||
| 082 | _a621.38 YAN | ||
| 100 |
_aYang, Samuel C _968733 |
||
| 245 | _aOfdma system analysis and design | ||
| 260 |
_aBOSTON _bARTECH HOUSE _c2010 |
||
| 300 | _aXV, 295P | ||
| 942 |
_cBK _2ddc |
||
| 999 |
_c576215 _d576215 |
||